|
|
|
|
| LEADER |
00000nab a2200000 a 4500 |
| 001 |
vtls001488484 |
| 003 |
SK-MaSNL |
| 005 |
20260304172842.0 |
| 008 |
250526c2004 xo mr|p|||||||000 b|slo |
| 015 |
|
|
|a SNBRB2005/01
|2 snkbucl
|
| 035 |
|
|
|a (uuid)40d44ed3-6b5f-4efb-aaa1-f66c9363d105
|
| 035 |
|
|
|a urn:nbn:sk:snk-ab27om
|
| 035 |
|
|
|a (urnnbn)urn:nbn:sk:snk:ar-a01w3l
|
| 038 |
|
|
|a SNKBUCL
|
| 040 |
|
|
|a SNKBUCL
|b slo
|c SNKBUCL
|e AACR2
|
| 041 |
0 |
|
|a slo
|
| 044 |
|
|
|a xo
|c SK
|
| 080 |
|
|
|a 630*92
|x (437.6)
|x (091)
|2 UDC-MRF-SK2
|
| 080 |
|
|
|a 332.2
|x (437.6)
|x (091)
|2 UDC-MRF-SK2
|
| 245 |
0 |
0 |
|a Oravský komposesorát
|b príklad uplatňovania moderných metód hospodárenia v lesoch
|
| 300 |
|
|
|b Fotogr.
|
| 610 |
2 |
7 |
|a Oravský komposesorát (Oravský Podzámok, Slovensko)
|2 snkbucl
|9 343799
|
| 650 |
0 |
7 |
|a dejiny
|2 snkbucl
|9 3825
|
| 773 |
0 |
|
|t Slovenské lesokruhy
|g Č. 9-10 (2004), s. 44
|x 1336-0612
|
| 850 |
|
|
|a Slovenská národná knižnica
|
| 852 |
|
|
|a Slovenská národná knižnica
|
| 958 |
|
|
|a ONDV
|
| 958 |
|
|
|a article27
|
| 999 |
|
|
|c 3000355
|d 3002285
|